00627nam a22001817a 450000500170000000800410001704000090005804100080006708200220007510000240009724501640012126000550028530000250034036500140036565000150037965000250039470000260041920220423121329.0220420b ||||| |||| 00| 0 eng d cAloy aeng 223a304.954bINDC aGovernment of India aConference of state population commissions councils held on 25th september 2002 in New Delhi:bProceedings and an overview of the demographic scenario in India aNew DelhibNational Commission on Populationc2002 a275 p.bPBc24x18 cm 2Sociology aPopulation aDemographic Scenario aINDIA (Government of)